| 000 | 00846nas a2200301 4500 | ||
|---|---|---|---|
| 001 | BR0202452 | ||
| 003 | BR-BrBNA | ||
| 005 | 20231205102948.0 | ||
| 007 | ta | ||
| 008 | 230509b bl.|||p| |||| 00| 00por d | ||
| 040 |
_aBR-BrBNA _bpor _cBiblioteca Nacional de Agricultura |
||
| 041 | _a(Pt) | ||
| 072 | _aQ60 | ||
| 100 | 1 | _aGonçalves, C. de A. | |
| 100 | 1 | _aLelis, R.C.C. | |
| 245 | 1 | _aTeores de taninos da casca e da madeira de cinco leguminosas arbóreas | |
| 650 | _aSABIA | ||
| 650 | _aMADEIRA | ||
| 650 | _aTANINO | ||
| 650 | _aPOLIFENOL OXIDASE | ||
| 650 | _aEXTRATO VEGETAL | ||
| 650 | _aCASCA | ||
| 650 | _aLEGUMINOSA | ||
| 650 | _aRIO DE JANEIRO | ||
| 773 | 0 |
_tFloresta e Ambiente (Brazil) _xISSN 1415-0980 _g(2001), v. 8(1) p. 167-173 _wBR0202452 |
|
| 909 |
_a202311 _bLúcia _c55 _dLúcia Elande |
||
| 942 |
_2AGRIS _n0 _cANA |
||
| 999 |
_c170289 _d170289 |
||